000 00740nam a2200241 a 4500
008
020 _a0415102545 (pbk.)
049 _aMAIN
090 _aT107
_bTEA
245 0 0 _aTeaching technology /
_cedited by Frank Banks.
260 _aLondon :
_bRoutledge in association with the Open University,
_c1994.
300 _avii, 253 p. :
_bill. ;
_c24 cm.
500 _aIncudes index.
504 _aIncludes bibliographical references.
650 0 _aTechnology
_xStudy and teaching
_zGreat Britain.
700 1 _aBanks, Frank.
710 2 _aOpen University.
907 _a.b10137312
_b02-05-12
_c24-09-04
003
005 20230123133831.0
040 _cNUST
942 _cBOOKS
_kT107
_mTEA
999 _c155413
_d155413